000 00298nam a2200133 i 4500
001 bg
100 1 _aSOLOWEW, W. G.
245 0 _aTeorija sloznych jader /
_cW.G. Solowew.
260 _aMoskwa,
_c1971.
040 _cBPK
041 _apol
942 _cKS
008 s pl f |000 0 pol
999 _c9169
_d9169
856 _uhttp://koha.tu.koszalin.pl/cgi-bin/koha/opac-detail.pl?biblionumber=9169
_yKatalog online BPK